Anuarul Statistic al Republicii Socialiste Romania 1988

Salvato in:
Dettagli Bibliografici
Natura: Libro
Lingua:rumeno
Pubblicazione: Bucuresti Directia Centrala de Statistica 1988
Edizione:1. vyd.
Tags: Aggiungi Tag
Nessun Tag, puoi essere il primo ad aggiungerne!!

MARC

LEADER 00000nam a2200000 4500
001 c028772
005 20221219132837.2
041 0 |a rum 
044 |a RO 
245 1 0 |a Anuarul Statistic al Republicii Socialiste Romania 1988 
250 |a 1. vyd. 
264 1 |a Bucuresti  |b Directia Centrala de Statistica  |c 1988 
300 |a 127 s.